[Event "Balaguer op"]
[Site "?"]
[Date "2012.06.24"]
[Round "9"]
[White "Amigo Vilalta, J."]
[Black "Cori Tello, D."]
[Result "1/2-1/2"]
[WhiteElo "2242"]
[BlackElo "2386"]
[PlyCount "50"]
[EventDate "2012.??.??"]
[EventType "swiss"]
[EventRounds "9"]

1. d4 e6 2. c4 b6 3. Nf3 Bb7 4. g3 Bb4+ 5. Bd2 Bxd2+ 6. Qxd2 Nf6 7. Nc3 O-O 8.
Bg2 Ne4 9. Nxe4 Bxe4 10. O-O d6 11. Qe3 Bb7 12. c5 Nd7 13. b4 a5 14. a3 Qf6 15.
Ne5 dxe5 16. dxe5 Nxe5 17. Bxb7 Ra7 18. Be4 Nc4 19. Bxh7+ Kh8 20. Qc1 Nxa3 21.
bxa5 Rxa5 22. Rxa3 Kxh7 23. cxb6 cxb6 24. Qb1+ Kg8 25. Rb3 Qe5 1/2-1/2

[Event "Balaguer op"]
[Site "?"]
[Date "2012.06.24"]
[Round "9"]
[White "Argerich Farras, J."]
[Black "Farre Selma, D."]
[Result "1-0"]
[WhiteElo "2133"]
[BlackElo "1868"]
[PlyCount "90"]
[EventDate "2012.??.??"]
[EventType "swiss"]
[EventRounds "9"]

1. Nf3 Nf6 2. d4 d5 3. Bf4 c5 4. c3 Qb6 5. Qb3 Nc6 6. dxc5 Qxc5 7. e3 e6 8. Qb5
Nd7 9. Nbd2 a6 10. Qxc5 Bxc5 11. Nb3 Be7 12. Be2 O-O 13. O-O b5 14. Nfd4 Nde5
15. a4 b4 16. cxb4 Bxb4 17. Rac1 Bd7 18. Nxc6 Nxc6 19. Nc5 Bxc5 20. Rxc5 Rfc8
21. Rfc1 Na5 22. Rxc8+ Rxc8 23. Rxc8+ Bxc8 24. b4 Nc4 25. Bb8 Bd7 26. a5 Kf8
27. Ba7 Ke8 28. g3 Bb5 29. h4 Na3 30. Bd1 g6 31. h5 Ke7 32. g4 Nc4 33. Bc5+ Kd7
34. Bd4 Ke7 35. Kg2 e5 36. Bc5+ Ke6 37. Kg3 Nb2 38. Bc2 Na4 39. Bf8 e4 40. f3
f5 41. gxf5+ Kxf5 42. hxg6 hxg6 43. fxe4+ dxe4 44. Bg7 Bc6 45. Bb3 Be8 1-0

[Event "Balaguer op"]
[Site "?"]
[Date "2012.06.24"]
[Round "9"]
[White "Aryan, Ch"]
[Black "Martinez Lopez, I."]
[Result "1-0"]
[WhiteElo "1985"]
[BlackElo "2302"]
[PlyCount "79"]
[EventDate "2012.??.??"]
[EventType "swiss"]
[EventRounds "9"]

1. e4 d5 2. exd5 Qxd5 3. Nc3 Qd8 4. d4 c6 5. Nf3 Nf6 6. Bc4 e6 7. Bf4 Bb4 8. a3
Bxc3+ 9. bxc3 Qa5 10. O-O O-O 11. Bd3 Nbd7 12. c4 c5 13. Bd2 Qc7 14. Bc3 cxd4
15. Nxd4 a6 16. Qf3 e5 17. Nb3 a5 18. Qg3 b6 19. f4 exf4 20. Qxf4 Qxf4 21. Rxf4
Nh5 22. Rd4 a4 23. Nd2 Nhf6 24. Rd6 Ne8 25. Rd4 Nc5 26. Rb1 Ra6 27. Ne4 Ne6 28.
Rd5 Bb7 29. Bb4 f5 30. Nd6 Nxd6 31. Bxd6 Re8 32. Rxf5 b5 33. Bg3 Nd4 34. Re5
Raa8 35. cxb5 Rec8 36. Re7 Bd5 37. Be5 Ne6 38. Bf5 Re8 39. Bxe6+ Bxe6 40. Rxg7+
1-0

[Event "Balaguer op"]
[Site "?"]
[Date "2012.06.24"]
[Round "9"]
[White "Ayza Casamitjana, A."]
[Black "Llacuna Cufi, S."]
[Result "1-0"]
[WhiteElo "1868"]
[BlackElo "1986"]
[PlyCount "103"]
[EventDate "2012.??.??"]
[EventType "swiss"]
[EventRounds "9"]

1. e4 c5 2. Nf3 e6 3. d4 cxd4 4. Nxd4 a6 5. Nc3 Qc7 6. Be2 Nf6 7. O-O b5 8. a3
Bb7 9. Bf3 d6 10. Be3 Be7 11. g3 Nbd7 12. Bg2 Ne5 13. Nde2 h5 14. Bg5 Nh7 15.
Bxe7 Qxe7 16. Qd4 Nf6 17. f4 Nc6 18. Qe3 Rd8 19. Rad1 Qc7 20. h3 O-O 21. Nd4
Nxd4 22. Qxd4 Qc5 23. Qxc5 dxc5 24. e5 Nd5 25. Nxd5 Bxd5 26. Bxd5 Rxd5 27. Rxd5
exd5 28. Kf2 Rd8 29. Kf3 Kf8 30. g4 hxg4+ 31. hxg4 Ke7 32. f5 Rh8 33. Kg3 Kd7
34. Re1 Ke7 35. Rd1 Rd8 36. Kf4 a5 37. Rd2 d4 38. Ke4 Rd7 39. Rh2 b4 40. axb4
cxb4 41. Rd2 Rc7 42. Kxd4 a4 43. Re2 g6 44. c4 gxf5 45. gxf5 Rc8 46. Kd5 b3 47.
c5 Rb8 48. Re1 Kd7 49. e6+ fxe6+ 50. fxe6+ Ke7 51. Rh1 a3 52. bxa3 1-0

[Event "Balaguer op"]
[Site "?"]
[Date "2012.06.24"]
[Round "9"]
[White "Barbero Sendic, A."]
[Black "Cori Tello, J."]
[Result "0-1"]
[WhiteElo "2370"]
[BlackElo "2479"]
[PlyCount "66"]
[EventDate "2012.??.??"]
[EventType "swiss"]
[EventRounds "9"]

1. e4 e6 2. Nf3 d5 3. Nc3 Nf6 4. e5 Nfd7 5. d4 c5 6. dxc5 Nc6 7. Bf4 Be7 8. h4
Nxc5 9. Bd3 a6 10. a3 b5 11. Rh3 Bb7 12. Rg3 g6 13. h5 Qc7 14. Kf1 O-O-O 15.
Qe2 Kb8 16. b4 Nd7 17. Na2 Nb6 18. Nc1 Nc4 19. Nb3 Rc8 20. h6 Rhe8 21. Rg4 Bf8
22. Bxc4 dxc4 23. Nbd2 Ne7 24. c3 Nd5 25. Nb1 f5 26. Rh4 Nxf4 27. Rxf4 g5 28.
Rd4 g4 29. Nfd2 Red8 30. Rxd8 Rxd8 31. a4 Bxh6 32. axb5 axb5 33. Ra2 Rd5 0-1

[Event "Balaguer op"]
[Site "?"]
[Date "2012.06.24"]
[Round "9"]
[White "Burmakin, V."]
[Black "Sanikidze, T."]
[Result "1/2-1/2"]
[WhiteElo "2590"]
[BlackElo "2596"]
[PlyCount "21"]
[EventDate "2012.??.??"]
[EventType "swiss"]
[EventRounds "9"]

1. Nf3 Nf6 2. d4 e6 3. c4 d5 4. cxd5 exd5 5. Nc3 Be7 6. Bg5 O-O 7. e3 c6 8. Qc2
Nbd7 9. Be2 Re8 10. O-O Nf8 11. Ne5 1/2-1/2

[Event "Balaguer op"]
[Site "?"]
[Date "2012.06.24"]
[Round "9"]
[White "Campos Moreno, J."]
[Black "Aroshidze, L."]
[Result "1/2-1/2"]
[WhiteElo "2488"]
[BlackElo "2580"]
[PlyCount "20"]
[EventDate "2012.??.??"]
[EventType "swiss"]
[EventRounds "9"]

1. d4 Nf6 2. c4 e6 3. Nc3 Bb4 4. e3 O-O 5. Nge2 Re8 6. a3 Bf8 7. Ng3 d5 8. Be2
dxc4 9. O-O c5 10. dxc5 Bxc5 1/2-1/2

[Event "Balaguer op"]
[Site "?"]
[Date "2012.06.24"]
[Round "9"]
[White "Del Rey Santos, D."]
[Black "Codina Garcia, J."]
[Result "1-0"]
[WhiteElo "2391"]
[BlackElo "2124"]
[PlyCount "51"]
[EventDate "2012.??.??"]
[EventType "swiss"]
[EventRounds "9"]

1. d4 d5 2. c4 e6 3. Nf3 Nf6 4. Nc3 Be7 5. cxd5 exd5 6. Bf4 c6 7. Qc2 Bg4 8.
Ne5 Bh5 9. e3 Bg6 10. Nxg6 hxg6 11. Bd3 Nbd7 12. h3 Nf8 13. O-O-O Ne6 14. Be5
Qa5 15. Kb1 a6 16. f4 O-O-O 17. f5 gxf5 18. Bxf5 Nd7 19. Bh2 Ndf8 20. e4 Kd7
21. exd5 cxd5 22. Qb3 Qb4 23. Qxd5+ Ke8 24. Qe4 Rxd4 25. Rxd4 Nxd4 26. Nd5 1-0

[Event "Balaguer op"]
[Site "?"]
[Date "2012.06.24"]
[Round "9"]
[White "Fabrega Ramon, S."]
[Black "Ferrer Font, J."]
[Result "0-1"]
[WhiteElo "1763"]
[BlackElo "1804"]
[PlyCount "102"]
[EventDate "2012.??.??"]
[EventType "swiss"]
[EventRounds "9"]

1. e4 e5 2. Nf3 Nf6 3. Nc3 Nc6 4. Bb5 Bb4 5. d3 d6 6. h3 Be6 7. O-O O-O 8. Bg5
h6 9. Bh4 g5 10. Bg3 Nh7 11. Ba4 f5 12. exf5 Bxf5 13. Bb3+ Kh8 14. Bd5 Qf6 15.
Ne4 Qg6 16. c3 Ba5 17. Re1 Nf6 18. Nxf6 Qxf6 19. Be4 Bb6 20. Bxc6 bxc6 21. Qd2
Bxh3 22. Nxe5 Rae8 23. Nxc6 Rxe1+ 24. Rxe1 Bxg2 25. Kxg2 Qf3+ 26. Kh2 Qxc6 27.
Qe2 Qd7 28. d4 Qf7 29. a3 Kg7 30. Qe7 Qxe7 31. Rxe7+ Rf7 32. Rxf7+ Kxf7 33. Kh3
Kg6 34. Kg4 h5+ 35. Kf3 Kf5 36. b4 d5 37. a4 c6 38. Bd6 Bd8 39. a5 g4+ 40. Ke3
Bg5+ 41. Kd3 Bf4 42. Be7 Bg5 43. Bd6 h4 44. c4 Bf4 45. Bxf4 Kxf4 46. b5 dxc4+
47. Kxc4 cxb5+ 48. Kxb5 h3 49. d5 h2 50. d6 h1=Q 51. d7 Qb7+ 0-1

[Event "Balaguer op"]
[Site "?"]
[Date "2012.06.24"]
[Round "9"]
[White "Fernandez Alvarez, J."]
[Black "Sanchez Sanchez, M."]
[Result "0-1"]
[WhiteElo "1371"]
[BlackElo "1655"]
[PlyCount "33"]
[EventDate "2012.??.??"]
[EventType "swiss"]
[EventRounds "9"]

1. f4 d5 2. Nf3 c5 3. c3 Nc6 4. d4 e6 5. e3 Nf6 6. Bb5 Bd6 7. Ne5 Bd7 8. Bxc6
Bxc6 9. Nxc6 bxc6 10. Nd2 O-O 11. O-O cxd4 12. cxd4 c5 13. Nf3 Qb6 14. b3 Rac8
15. Bb2 c4 16. Ne5 c3 17. Bc1 0-1

[Event "Balaguer op"]
[Site "?"]
[Date "2012.06.24"]
[Round "9"]
[White "Fernandez Cardoso, A."]
[Black "Aloma Vidal, R."]
[Result "1-0"]
[WhiteElo "2427"]
[BlackElo "2400"]
[PlyCount "63"]
[EventDate "2012.??.??"]
[EventType "swiss"]
[EventRounds "9"]

1. e4 Nf6 2. e5 Nd5 3. d4 d6 4. Nf3 dxe5 5. c4 Nf6 6. Nxe5 Nbd7 7. Nf3 e6 8.
Nc3 Be7 9. Bf4 O-O 10. Bd3 c5 11. d5 exd5 12. cxd5 c4 13. Bxc4 Bb4 14. O-O Nb6
15. Bb3 Bxc3 16. bxc3 Nbxd5 17. Be5 Bg4 18. h3 Bh5 19. g4 Bg6 20. g5 Qc8 21.
gxf6 Nxc3 22. Bxc3 Qxc3 23. Nh4 Qxh3 24. Qd4 Rad8 25. Qf4 gxf6 26. Rfe1 Qc3 27.
Rac1 Qb2 28. Nxg6 hxg6 29. Qh6 Qd2 30. Qxg6+ Kh8 31. Qxf6+ Kg8 32. Kh1 1-0

[Event "Balaguer op"]
[Site "?"]
[Date "2012.06.24"]
[Round "9"]
[White "Fortuny Profitos, J."]
[Black "Gensana Berzunces, J."]
[Result "1/2-1/2"]
[WhiteElo "1769"]
[BlackElo "2001"]
[PlyCount "60"]
[EventDate "2012.??.??"]
[EventType "swiss"]
[EventRounds "9"]

1. d4 Nf6 2. Nf3 b6 3. Bf4 Bb7 4. e3 e6 5. Bd3 Be7 6. Nbd2 d6 7. c4 Nbd7 8. Qc2
d5 9. O-O h6 10. h3 c5 11. Rac1 O-O 12. Ne5 Nxe5 13. Bxe5 cxd4 14. Bxd4 Qd7 15.
Nf3 dxc4 16. Bxc4 Bxf3 17. gxf3 e5 18. Bxe5 Qxh3 19. Rfd1 Rad8 20. Bf1 Qe6 21.
Bh2 Bc5 22. b3 Rd5 23. Rxd5 Qxd5 24. Bg2 Rd8 25. Qe2 Qd2 26. Rc2 Qd1+ 27. Qxd1
Rxd1+ 28. Bf1 a5 29. e4 Kf8 30. Kg2 Ke7 1/2-1/2

[Event "Balaguer op"]
[Site "?"]
[Date "2012.06.24"]
[Round "9"]
[White "Fumas Fontova, E."]
[Black "Sole Gonzalez, E."]
[Result "1/2-1/2"]
[WhiteElo "1707"]
[BlackElo "1539"]
[PlyCount "110"]
[EventDate "2012.??.??"]
[EventType "swiss"]
[EventRounds "9"]

1. e4 e5 2. Nf3 Nc6 3. d4 exd4 4. Nxd4 Bc5 5. Be3 Bb6 6. Bc4 d6 7. O-O Nf6 8.
f3 Qe7 9. Qd2 O-O 10. Nc3 Nxd4 11. Bxd4 Be6 12. Nd5 Nxd5 13. exd5 Bf5 14. Bxb6
axb6 15. Rfe1 Qf6 16. c3 Rfe8 17. Qf4 Bd7 18. Qxf6 gxf6 19. Kf2 Re5 20. f4 Ree8
21. Rxe8+ Rxe8 22. Re1 Rxe1 23. Kxe1 Kg7 24. Kf2 Kg6 25. Kf3 h6 26. Bd3+ f5 27.
g4 Kf6 28. gxf5 Bxf5 29. Bxf5 Kxf5 30. a4 h5 31. b4 Kg6 32. h4 f5 33. Ke3 Kf7
34. Kd4 Ke7 35. c4 Kd7 36. Kc3 Kc8 37. a5 bxa5 38. bxa5 Kb8 39. Kb4 Kc8 40. Kb5
Kd7 41. a6 bxa6+ 42. Kxa6 Kc8 43. Ka7 Kd8 44. Kb8 Kd7 45. Kb7 Kd8 46. Kc6 Kc8
47. Kb5 Kd8 48. c5 dxc5 49. Kc4 Ke7 50. Kxc5 Kd7 51. Kb5 Kd6 52. Kc4 c6 53.
dxc6 Kxc6 54. Kd4 Kd6 55. Kc4 Kc6 1/2-1/2

[Event "Balaguer op"]
[Site "?"]
[Date "2012.06.24"]
[Round "9"]
[White "Guerra Mendez, JA."]
[Black "Gomez Ledo, RC."]
[Result "1-0"]
[WhiteElo "2428"]
[BlackElo "2428"]
[PlyCount "39"]
[EventDate "2012.??.??"]
[EventType "swiss"]
[EventRounds "9"]

1. e4 d6 2. d4 Nf6 3. Nc3 e5 4. Nf3 Nbd7 5. Bc4 Be7 6. O-O O-O 7. Re1 c6 8. a4
a5 9. h3 Qc7 10. Bg5 Re8 11. Qd2 Nf8 12. Rad1 h6 13. Bh4 Ng6 14. Bg3 Nh7 15.
dxe5 dxe5 16. Nd4 Bc5 17. Nf5 b6 18. Nd6 Bxd6 19. Qxd6 Ra7 20. Qxg6 1-0

[Event "Balaguer op"]
[Site "?"]
[Date "2012.06.24"]
[Round "9"]
[White "Janev, E."]
[Black "Westerinen, H."]
[Result "1-0"]
[WhiteElo "2453"]
[BlackElo "2345"]
[PlyCount "97"]
[EventDate "2012.??.??"]
[EventType "swiss"]
[EventRounds "9"]

1. e4 d5 2. exd5 Nf6 3. Bb5+ Bd7 4. Be2 Nxd5 5. d4 e6 6. Nf3 Bd6 7. Ne5 O-O 8.
O-O Be8 9. c4 Nf6 10. Be3 c6 11. Nc3 Qc7 12. f4 Nbd7 13. Rc1 Rd8 14. Qe1 Be7
15. Bf3 c5 16. Nb5 Qb6 17. Bd2 Qa6 18. Ba5 Rc8 19. d5 exd5 20. Nc7 Qd6 21. Nxd5
Nxd5 22. Bxd5 b6 23. Bc3 Nf6 24. Bf3 Bd8 25. Qg3 Qe6 26. Rfe1 Qf5 27. Rcd1 Kh8
28. Bb7 Rb8 29. Qf3 Bc7 30. h3 h5 31. g4 hxg4 32. hxg4 Qh7 33. Rd2 Rxb7 34.
Qxb7 Bxe5 35. fxe5 Nxg4 36. Qe7 Kg8 37. Qg5 Bd7 38. Rg2 Qf5 39. Qh4 Be6 40. Rf1
Qe4 41. Rg3 Qxc4 42. Qh5 b5 43. Rh3 Nh6 44. Rh4 Bg4 45. Qg5 Qe6 46. Rf6 Qxa2
47. Rfxh6 Qb1+ 48. Kh2 Qc2+ 49. Bd2 1-0

[Event "Balaguer op"]
[Site "?"]
[Date "2012.06.24"]
[Round "9"]
[White "Juan Bartroli, P."]
[Black "Obregon Rivero, JC."]
[Result "0-1"]
[WhiteElo "2000"]
[BlackElo "2485"]
[PlyCount "62"]
[EventDate "2012.??.??"]
[EventType "swiss"]
[EventRounds "9"]

1. d4 Nf6 2. c4 g6 3. Nc3 Bg7 4. e4 d6 5. Nf3 O-O 6. Be2 c5 7. d5 e6 8. O-O Re8
9. h3 exd5 10. exd5 Bf5 11. Bf4 Ne4 12. Nxe4 Bxe4 13. Bd3 b5 14. Re1 Bxf3 15.
Qxf3 Bxb2 16. Rab1 Be5 17. Rxb5 Nd7 18. Bd2 Bd4 19. Rxe8+ Qxe8 20. Rb1 Ne5 21.
Qe2 Qa4 22. Bf4 Nxd3 23. Qxd3 Qxa2 24. Bg3 Re8 25. Rf1 Re2 26. Qf3 Qd2 27. Qb3
Qb4 28. Qf3 Re1 29. Rxe1 Qxe1+ 30. Kh2 a5 31. Bxd6 Bxf2 0-1

[Event "Balaguer op"]
[Site "?"]
[Date "2012.06.24"]
[Round "9"]
[White "Martinez Duany, LS."]
[Black "Gutierrez Martos, FE."]
[Result "1-0"]
[WhiteElo "2474"]
[BlackElo "2038"]
[PlyCount "63"]
[EventDate "2012.??.??"]
[EventType "swiss"]
[EventRounds "9"]

1. d4 e6 2. e4 b6 3. Nf3 Bb7 4. Bd3 g6 5. O-O Bg7 6. Re1 d6 7. Nbd2 Nd7 8. Nf1
Ne7 9. Ng3 e5 10. c3 c5 11. dxe5 dxe5 12. Bc4 Nc6 13. Bg5 f6 14. Be3 Qe7 15. a3
Nf8 16. b4 cxb4 17. axb4 Ne6 18. Qb3 Kf7 19. Nf5 gxf5 20. exf5 Rhd8 21. fxe6+
Kg8 22. Nh4 Kh8 23. Qb1 Qc7 24. Bd3 Bf8 25. Ra4 a6 26. b5 axb5 27. Rg4 Bc5 28.
Bxh7 Ra1 29. Qxa1 Qxh7 30. Ng6+ Kg7 31. Nxe5+ Kf8 32. Nd7+ 1-0

[Event "Balaguer op"]
[Site "?"]
[Date "2012.06.24"]
[Round "9"]
[White "Mellado Triviño, J."]
[Black "Kovacevic, S."]
[Result "1/2-1/2"]
[WhiteElo "2444"]
[BlackElo "2310"]
[PlyCount "29"]
[EventDate "2012.??.??"]
[EventType "swiss"]
[EventRounds "9"]

1. e4 c5 2. Nf3 e6 3. c3 Nc6 4. d4 d5 5. exd5 exd5 6. Bb5 Bd6 7. O-O Nge7 8.
dxc5 Bxc5 9. Nbd2 O-O 10. Nb3 Bb6 11. Re1 Nf5 12. Bd3 h6 13. Bc2 Be6 14. Qd3 g6
15. Bf4 1/2-1/2

[Event "Balaguer op"]
[Site "?"]
[Date "2012.06.24"]
[Round "9"]
[White "Monell Camarasa, D."]
[Black "Aranzana Areste, A."]
[Result "1-0"]
[WhiteElo "2254"]
[BlackElo "2023"]
[PlyCount "113"]
[EventDate "2012.??.??"]
[EventType "swiss"]
[EventRounds "9"]

1. d4 d5 2. Bg5 h6 3. Bh4 c6 4. c3 Bf5 5. Nd2 Nd7 6. Ngf3 Ngf6 7. Qb3 Qc8 8. e3
e6 9. Be2 Bd6 10. O-O O-O 11. c4 Ne4 12. Nxe4 dxe4 13. Nd2 Qb8 14. Bg3 Nf6 15.
Bxd6 Qxd6 16. c5 Qc7 17. Nc4 Rfd8 18. Nd6 b5 19. a4 a6 20. axb5 axb5 21. Ra3
Ne8 22. Nxe8 Rxe8 23. Rfa1 Rxa3 24. Rxa3 e5 25. d5 cxd5 26. Qxd5 Be6 27. Qd6
Qxd6 28. cxd6 b4 29. Ra6 Rc8 30. h3 Rc2 31. Bb5 Rc1+ 32. Kh2 Rd1 33. Ba4 Rd2
34. d7 Kh7 35. Ra8 Bxd7 36. Rd8 Rxb2 37. Rxd7 Rxf2 38. Rb7 f5 39. Rxb4 Kg6 40.
Rb6+ Kf7 41. Bb3+ Kf8 42. Rb8+ Ke7 43. Rb7+ Kd6 44. Rxg7 f4 45. exf4 exf4 46.
Rg6+ Kc5 47. Kg1 Rb2 48. Bf7 e3 49. Re6 Rb1+ 50. Kh2 Kd4 51. Bh5 Rb2 52. Rxh6
e2 53. Re6 Kd3 54. Bxe2+ Rxe2 55. Rxe2 Kxe2 56. h4 Ke3 57. h5 1-0

[Event "Balaguer op"]
[Site "?"]
[Date "2012.06.24"]
[Round "9"]
[White "Monfa Escola, R."]
[Black "Ramon Perez, JL."]
[Result "1/2-1/2"]
[WhiteElo "1837"]
[BlackElo "2249"]
[PlyCount "71"]
[EventDate "2012.??.??"]
[EventType "swiss"]
[EventRounds "9"]

1. a3 e5 2. d3 Nc6 3. Nf3 f5 4. b4 a6 5. c4 d6 6. Nbd2 Nf6 7. Bb2 Be7 8. Qc2
O-O 9. g3 Qe8 10. Bg2 Kh8 11. e3 Rb8 12. b5 Nd8 13. a4 Ne6 14. Rb1 Bd7 15. O-O
Qh5 16. Qd1 f4 17. exf4 exf4 18. Bxf6 Bxf6 19. Ne4 Qg6 20. b6 fxg3 21. fxg3
cxb6 22. Rxb6 Bc6 23. Nxf6 Qxf6 24. d4 Ng5 25. Nxg5 Qxg5 26. Bxc6 Qe3+ 27. Kg2
bxc6 28. Rxb8 Rxb8 29. Qf3 Qe8 30. Qf7 Qe4+ 31. Kh3 h6 32. Rf4 Qe8 33. Qxe8+
Rxe8 34. Rf7 Re4 35. Rc7 Rxd4 36. Rxc6 1/2-1/2

[Event "Balaguer op"]
[Site "?"]
[Date "2012.06.24"]
[Round "9"]
[White "Montoliu Daroca, I."]
[Black "Marti Trilla, A."]
[Result "1-0"]
[WhiteElo "1803"]
[BlackElo "1378"]
[PlyCount "85"]
[EventDate "2012.??.??"]
[EventType "swiss"]
[EventRounds "9"]

1. c4 e5 2. Nc3 Nf6 3. g3 d5 4. cxd5 Nxd5 5. Bg2 Be6 6. e3 Nc6 7. Nge2 Be7 8.
O-O O-O 9. h3 Qd7 10. Kh2 Rad8 11. a3 a5 12. d4 exd4 13. Nxd4 Nxd4 14. Qxd4 Bf6
15. Qd2 Nxc3 16. Qxd7 Rxd7 17. bxc3 Bxc3 18. Rb1 b6 19. Bb2 Bxb2 20. Rxb2 Rd6
21. Rc1 c5 22. Rcb1 Rb8 23. Rb5 Bc4 24. Rxc5 Bd3 25. Rb2 b5 26. a4 Rdb6 27.
axb5 Rxb5 28. Rcxb5 Rxb5 29. Rd2 Rb3 30. Be4 h6 31. Rxd3 Rxd3 32. Bxd3 f6 33.
Bb5 Kf8 34. Kg2 Ke7 35. Kf3 Kd6 36. Ke4 Kc5 37. Be8 Kd6 38. f4 g5 39. Kf5 Ke7
40. Ba4 gxf4 41. exf4 Kf7 42. g4 Kg7 43. Bb3 1-0

[Event "Balaguer op"]
[Site "?"]
[Date "2012.06.24"]
[Round "9"]
[White "Parramon Guillaumet, J."]
[Black "Vera Balague, G."]
[Result "1/2-1/2"]
[WhiteElo "1873"]
[BlackElo "2031"]
[PlyCount "91"]
[EventDate "2012.??.??"]
[EventType "swiss"]
[EventRounds "9"]

1. d4 Nf6 2. e3 e6 3. Bd3 Be7 4. f4 b6 5. Nf3 Bb7 6. Nbd2 a5 7. O-O d5 8. Ne5
O-O 9. Qf3 Nbd7 10. g4 Ne4 11. Nxe4 dxe4 12. Bxe4 Nxe5 13. fxe5 Bxe4 14. Qxe4
Qd7 15. Bd2 Qb5 16. b3 Qd7 17. Rf3 f6 18. exf6 Bxf6 19. Raf1 Be7 20. c4 c6 21.
Be1 Rxf3 22. Rxf3 Rd8 23. Bg3 b5 24. Be5 a4 25. Qc2 axb3 26. axb3 bxc4 27. bxc4
Ra8 28. Rf1 Bg5 29. Qf2 Qe7 30. c5 Rf8 31. Qxf8+ Qxf8 32. Rxf8+ Kxf8 33. Kf2 g6
34. Ke2 Ke8 35. Kd3 Kd7 36. e4 Be7 37. Kc4 Bg5 38. d5 Be3 39. d6 Bf2 40. Bd4
Bh4 41. e5 Be1 42. Kd3 Bh4 43. Ke4 Bg5 44. Be3 Bd8 45. g5 Ba5 46. Kd3 1/2-1/2

[Event "Balaguer op"]
[Site "?"]
[Date "2012.06.24"]
[Round "9"]
[White "Puig Carres, J."]
[Black "Casas Torres, P."]
[Result "1/2-1/2"]
[WhiteElo "1843"]
[BlackElo "1611"]
[PlyCount "109"]
[EventDate "2012.??.??"]
[EventType "swiss"]
[EventRounds "9"]

1. c4 e5 2. Nf3 d6 3. g3 f5 4. Bg2 Nf6 5. d3 g6 6. Nc3 Bg7 7. O-O Nc6 8. Rb1
O-O 9. a3 a5 10. Bg5 h6 11. Bxf6 Bxf6 12. Nd5 Bg7 13. Qd2 Ne7 14. Nxe7+ Qxe7
15. e3 c6 16. Rfe1 Qf7 17. Qc2 g5 18. b4 axb4 19. axb4 Be6 20. b5 d5 21. bxc6
bxc6 22. cxd5 cxd5 23. Rb6 Rfc8 24. Qb3 e4 25. Nd4 Bd7 26. Rb7 Be5 27. Rb1 Rab8
28. Qa3 Rxb7 29. Rxb7 Rb8 30. Rxb8+ Bxb8 31. Qa8 Qe8 32. Qxd5+ Qf7 33. Qxf7+
Kxf7 34. dxe4 f4 35. gxf4 gxf4 36. exf4 Bxf4 37. Ne2 Bc7 38. h3 Kf6 39. f4 Bb5
40. e5+ Kf5 41. Nd4+ Kxf4 42. Ne6+ Kxe5 43. Nxc7 Bd7 44. h4 Kf4 45. Kh2 Kg4 46.
Bh3+ Kxh4 47. Bxd7 Kg5 48. Kg3 Kf6 49. Kf4 Ke7 50. Bf5 Kd6 51. Ne8+ Kd5 52. Bh3
Kd4 53. Nf6 Kd3 54. Ng4 Kd4 55. Nxh6 1/2-1/2

[Event "Balaguer op"]
[Site "?"]
[Date "2012.06.24"]
[Round "9"]
[White "Purgimon Diaz, J."]
[Black "Ramon Solans, A."]
[Result "0-1"]
[WhiteElo "1982"]
[BlackElo "2281"]
[PlyCount "146"]
[EventDate "2012.??.??"]
[EventType "swiss"]
[EventRounds "9"]

1. d4 d5 2. c4 c6 3. e3 Nf6 4. Nf3 e6 5. Bd3 Be7 6. Nc3 O-O 7. b3 b6 8. O-O Bb7
9. Bb2 Nbd7 10. Qe2 dxc4 11. bxc4 c5 12. Rfd1 cxd4 13. exd4 Rc8 14. Rac1 Re8
15. Ne5 Nf8 16. d5 exd5 17. Bf5 Rc5 18. Nb5 a6 19. Nd4 Bd6 20. f4 Qb8 21. Ndf3
dxc4 22. Bd4 Rd5 23. Qxc4 b5 24. Qb3 h6 25. Bb2 a5 26. a3 Rd8 27. g3 a4 28. Qc2
Bc5+ 29. Kg2 Rxd1 30. Rxd1 Rxd1 31. Qxd1 Qd6 32. Qxd6 Bxd6 33. Kf2 Ne4+ 34. Ke3
Bc5+ 35. Ke2 b4 36. axb4 Bxb4 37. Nd3 a3 38. Ba1 Ba5 39. Nfe5 Bd5 40. Bxe4 Bxe4
41. Nc4 Bxd3+ 42. Kxd3 Bb4 43. Kc2 f5 44. Bd4 Ne6 45. Be3 Nc5 46. Kb1 Kf7 47.
Ka2 Ke6 48. Nxa3 Bxa3 49. Kxa3 Kd5 50. Kb4 Nd3+ 51. Kc3 Ne1 52. h4 Ke4 53. Bd4
g6 54. Bg7 h5 55. Kd2 Nd3 56. Ke2 Nc1+ 57. Kd2 Nb3+ 58. Ke2 Nc5 59. Bf6 Kd5 60.
Bd8 Ne4 61. Kf3 Kd4 62. Bb6+ Kd3 63. Ba7 Kd2 64. Bb6 Ke1 65. Bc5 Kf1 66. Bb4
Nf6 67. Bc3 Ng4 68. Bb4 Nh2+ 69. Ke3 Kg2 70. Be7 Nf3 71. Bb4 Kxg3 72. Bc3 Nxh4
73. Be1+ Kg4 0-1

[Event "Balaguer op"]
[Site "?"]
[Date "2012.06.24"]
[Round "9"]
[White "Quintas Galeano, L."]
[Black "Turuguet Lopez, JL."]
[Result "1-0"]
[WhiteElo "2148"]
[BlackElo "1932"]
[PlyCount "63"]
[EventDate "2012.??.??"]
[EventType "swiss"]
[EventRounds "9"]

1. e4 c5 2. Nf3 e6 3. c3 Nf6 4. e5 Nd5 5. d4 cxd4 6. cxd4 Be7 7. Bd3 Nc6 8. O-O
d6 9. exd6 Qxd6 10. Nc3 Nxc3 11. bxc3 O-O 12. Qe2 Rd8 13. Bg5 f6 14. Bh4 e5 15.
Bg3 Bg4 16. Rad1 Qa3 17. d5 Na5 18. Qe4 f5 19. Qxe5 Bf6 20. Qe6+ Kh8 21. Ne5
Bxe5 22. Qxe5 Re8 23. Qd4 Bxd1 24. Rxd1 Rac8 25. Be5 Rxe5 26. Qxe5 Qxc3 27.
Qxc3 Rxc3 28. d6 g6 29. Bb5 Rc8 30. d7 Rd8 31. Re1 Nc6 32. Bxc6 1-0

[Event "Balaguer op"]
[Site "?"]
[Date "2012.06.24"]
[Round "9"]
[White "Ramiro Ovejero, JL."]
[Black "Oms Pallisse, J."]
[Result "0-1"]
[WhiteElo "2349"]
[BlackElo "2461"]
[PlyCount "64"]
[EventDate "2012.??.??"]
[EventType "swiss"]
[EventRounds "9"]

1. e4 c5 2. Nf3 Nc6 3. Bb5 e6 4. Bxc6 bxc6 5. d3 Ne7 6. Qe2 d5 7. c4 Ng6 8. e5
f6 9. h4 Qc7 10. b3 fxe5 11. g3 Bd6 12. Bb2 O-O 13. Nbd2 e4 14. dxe4 e5 15. h5
dxe4 16. hxg6 exf3 17. gxh7+ Kh8 18. Qe3 e4 19. Nxe4 Bf5 20. O-O-O Be5 21. Bxe5
Qxe5 22. Nc3 Qxe3+ 23. fxe3 Rae8 24. e4 Bxe4 25. Nxe4 Rxe4 26. Rd3 Rg4 27. Rg1
Kxh7 28. Kd2 Rf6 29. a4 a5 30. Rh1+ Kg6 31. Rg1 Kg5 32. Kc3 Re4 0-1

[Event "Balaguer op"]
[Site "?"]
[Date "2012.06.24"]
[Round "9"]
[White "Rodon Balcells, J."]
[Black "Pera Lucas, E."]
[Result "1-0"]
[WhiteElo "1864"]
[BlackElo "1984"]
[PlyCount "55"]
[EventDate "2012.??.??"]
[EventType "swiss"]
[EventRounds "9"]

1. e4 e5 2. Nf3 Nc6 3. Bb5 a6 4. Ba4 Nf6 5. O-O Be7 6. Re1 b5 7. Bb3 O-O 8. c3
d5 9. exd5 Nxd5 10. Nxe5 Nxe5 11. Rxe5 Nf6 12. d4 Bd6 13. Re1 Ng4 14. g3 Nxh2
15. Qh5 Ng4 16. Bg5 Nf6 17. Qh4 Bf5 18. Bxf6 gxf6 19. Nd2 a5 20. a4 b4 21. Ne4
Be7 22. Qf4 Bg6 23. Rad1 f5 24. Nc5 Bd6 25. Qf3 Qg5 26. Nd7 Rfd8 27. Bc2 Bh5
28. Qxh5 1-0

[Event "Balaguer op"]
[Site "?"]
[Date "2012.06.24"]
[Round "9"]
[White "Roeder, M."]
[Black "Trepat Herranz, J."]
[Result "1/2-1/2"]
[WhiteElo "2434"]
[BlackElo "2299"]
[PlyCount "24"]
[EventDate "2012.??.??"]
[EventType "swiss"]
[EventRounds "9"]

1. d4 Nf6 2. Nf3 g6 3. c4 Bg7 4. Nc3 O-O 5. e4 d6 6. Be2 e5 7. dxe5 dxe5 8.
Qxd8 Rxd8 9. Bg5 Re8 10. Nd5 Nxd5 11. cxd5 c6 12. Bc4 cxd5 1/2-1/2